[Event "Edward Lasker Memorial 99th"]
[Site "New York"]
[Date "2015.12.11"]
[Round "1"]
[White "Kamsky, Gata"]
[Black "Jacobson, Aaron"]
[Result "1/2-1/2"]
[WhiteElo "2665"]
[BlackElo "2293"]
[PlyCount "81"]
[EventDate "2015.12.11"]
[EventType "swiss"]
[EventRounds "9"]
[EventCountry "USA"]
[SourceTitle "CBM 170 Extra"]
[Source "ChessBase"]
[SourceDate "2016.02.25"]
[SourceVersion "1"]
[SourceVersionDate "2016.02.25"]
[SourceQuality "1"]

1. e4 c6 2. d4 d5 3. e5 Bf5 4. Nd2 e6 5. Nb3 Nd7 6. Nf3 Ne7 7. Be2 Bg6 8. O-O
Nf5 9. Bd2 Be7 10. g4 Nh6 11. h3 Ng8 12. Bd3 Bxd3 13. cxd3 h5 14. Kg2 Nh6 15.
Rh1 Nf8 16. Na5 Qb6 17. Qb3 Qxb3 18. Nxb3 Ng6 19. Kg3 b6 20. Nc1 Kd7 21. Ne2
Rac8 22. a4 a5 23. Rac1 Bb4 24. Be3 Rb8 25. b3 Be7 26. Rhg1 b5 27. Rc2 b4 28.
Nf4 Nxf4 29. Bxf4 Bd8 30. Bg5 Bxg5 31. Nxg5 hxg4 32. hxg4 f6 33. Nf3 f5 34. g5
f4+ 35. Kg2 Nf5 36. Rc5 Ra8 37. Rh1 Rxh1 38. Kxh1 g6 39. Kg2 Kc7 40. Rc1 Rh8
41. Rh1 1/2-1/2

[Event "Edward Lasker Memorial 99th"]
[Site "New York"]
[Date "2015.12.12"]
[Round "2"]
[White "Atakay, Mustafa"]
[Black "Kamsky, Gata"]
[Result "0-1"]
[WhiteElo "1954"]
[BlackElo "2665"]
[PlyCount "57"]
[EventDate "2015.12.11"]
[EventType "swiss"]
[EventRounds "9"]
[EventCountry "USA"]
[SourceTitle "CBM 170 Extra"]
[Source "ChessBase"]
[SourceDate "2016.02.25"]
[SourceVersion "1"]
[SourceVersionDate "2016.02.25"]
[SourceQuality "1"]

1. d4 f5 2. Nf3 Nf6 3. g3 g6 4. Bg2 Bg7 5. O-O O-O 6. b3 d6 7. Bb2 c6 8. c4 a5
9. a3 Na6 10. Qc2 Bd7 11. Nbd2 b5 12. e3 Rb8 13. Ne1 Qe8 14. Nd3 Kh8 15. Bc3
Qd8 16. Rac1 Qb6 17. Rb1 Nc7 18. Qa2 Qa6 19. Rfc1 Be6 20. Nf4 Bg8 21. Bf1 a4
22. b4 g5 23. Nh3 h6 24. f4 Ng4 25. Re1 Bf6 26. Rbc1 bxc4 27. Bxc4 Bxc4 28.
Qxc4 Nb5 29. Ba1 0-1

[Event "Edward Lasker Memorial 99th"]
[Site "New York"]
[Date "2015.12.12"]
[Round "3"]
[White "Kamsky, Gata"]
[Black "Pressman, Leif"]
[Result "1-0"]
[WhiteElo "2665"]
[BlackElo "2290"]
[PlyCount "43"]
[EventDate "2015.12.11"]
[EventType "swiss"]
[EventRounds "9"]
[EventCountry "USA"]
[SourceTitle "CBM 170 Extra"]
[Source "ChessBase"]
[SourceDate "2016.02.25"]
[SourceVersion "1"]
[SourceVersionDate "2016.02.25"]
[SourceQuality "1"]

1. Nf3 d5 2. g3 Nf6 3. Bg2 g6 4. c4 c6 5. Qa4 Nbd7 6. cxd5 cxd5 7. O-O Bg7 8.
Nc3 O-O 9. d3 Re8 10. Qh4 Qb6 11. Be3 Qxb2 12. Rfc1 a6 13. a4 d4 14. Bxd4 Qb3
15. Bh3 g5 16. Qxg5 Ne5 17. Bxe5 Bxh3 18. Nd4 Qb6 19. Nd5 Qd8 20. Nc7 Rc8 21.
Nxe8 Qxe8 22. g4 1-0

[Event "Edward Lasker Memorial 99th"]
[Site "New York"]
[Date "2015.12.13"]
[Round "4"]
[White "Vitoux, Colomban"]
[Black "Kamsky, Gata"]
[Result "0-1"]
[WhiteElo "2385"]
[BlackElo "2665"]
[PlyCount "36"]
[EventDate "2015.12.11"]
[EventType "swiss"]
[EventRounds "9"]
[EventCountry "USA"]
[SourceTitle "CBM 170 Extra"]
[Source "ChessBase"]
[SourceDate "2016.02.25"]
[SourceVersion "1"]
[SourceVersionDate "2016.02.25"]
[SourceQuality "1"]

1. e4 e5 2. d4 exd4 3. Nf3 Nc6 4. Nxd4 Bc5 5. Be3 Qf6 6. c3 Nge7 7. g3 h5 8. h3
d6 9. Bg2 Bd7 10. f4 Qg6 11. Qf3 Bxd4 12. Bxd4 d5 13. exd5 Nxd4 14. cxd4 Nf5
15. g4 hxg4 16. hxg4 Rxh1+ 17. Bxh1 Nd6 18. f5 Qh6 0-1

[Event "Edward Lasker Memorial 99th"]
[Site "New York"]
[Date "2015.12.13"]
[Round "5"]
[White "Checa, Nicolas D"]
[Black "Kamsky, Gata"]
[Result "0-1"]
[WhiteElo "2427"]
[BlackElo "2665"]
[PlyCount "82"]
[EventDate "2015.12.11"]
[EventType "swiss"]
[EventRounds "9"]
[EventCountry "USA"]
[SourceTitle "CBM 170 Extra"]
[Source "ChessBase"]
[SourceDate "2016.02.25"]
[SourceVersion "1"]
[SourceVersionDate "2016.02.25"]
[SourceQuality "1"]

1. d4 Nf6 2. c4 e6 3. Nf3 b6 4. g3 a5 5. Bg2 Ba6 6. Qc2 c6 7. O-O d5 8. Nbd2
Nbd7 9. b3 Be7 10. Bb2 O-O 11. e4 Rc8 12. Rfd1 Qc7 13. Rac1 Qb8 14. Qb1 Rfd8
15. Ne5 Bb7 16. cxd5 cxd5 17. Rxc8 Rxc8 18. exd5 Nxe5 19. dxe5 Nxd5 20. Ne4 h6
21. h4 Rd8 22. Nc3 Qa8 23. Nxd5 Bxd5 24. Bxd5 Rxd5 25. Qc2 Bc5 26. Rd2 Rxd2 27.
Qxd2 Qe4 28. Bc3 Kh7 29. Kf1 Qf3 30. Qc2+ g6 31. Bxa5 Bd4 32. Bb4 Bxe5 33. Ke1
Bd4 34. Qe2 Qh1+ 35. Qf1 Qe4+ 36. Kd2 Qa8 37. a3 Qf3 38. Ke1 Qxb3 39. Qa6 Qc2
40. Qe2 Qc1+ 41. Qd1 Bxf2+ 0-1

[Event "Edward Lasker Memorial 99th"]
[Site "New York"]
[Date "2015.12.18"]
[Round "6"]
[White "Kamsky, Gata"]
[Black "Taborsky, Rostislav"]
[Result "1-0"]
[WhiteElo "2665"]
[BlackElo "2227"]
[PlyCount "81"]
[EventDate "2015.12.11"]
[EventType "swiss"]
[EventRounds "9"]
[EventCountry "USA"]
[SourceTitle "CBM 170 Extra"]
[Source "ChessBase"]
[SourceDate "2016.02.25"]
[SourceVersion "1"]
[SourceVersionDate "2016.02.25"]
[SourceQuality "1"]

1. d4 Nf6 2. Nf3 e6 3. Bf4 c5 4. e3 Nc6 5. c3 d5 6. Nbd2 Bd6 7. Bg3 O-O 8. Bd3
b6 9. e4 Be7 10. e5 Nh5 11. Qe2 a5 12. a3 Nb8 13. Ng5 Bxg5 14. Qxh5 g6 15. Qe2
Ba6 16. Bxa6 Nxa6 17. h4 Be7 18. h5 Nc7 19. Qg4 Qd7 20. Bh4 Bxh4 21. Qxh4 Rae8
22. Nf3 Qe7 23. Qf4 cxd4 24. cxd4 g5 25. Nxg5 f6 26. Nf3 fxe5 27. Qxe5 Rf5 28.
Qe3 Nb5 29. O-O-O Nd6 30. Ne5 Nc4 31. Nxc4 dxc4 32. Rhe1 Rd5 33. f4 Qd7 34. h6
b5 35. g4 b4 36. f5 c3 37. Qg5+ Kh8 38. fxe6 cxb2+ 39. Kb1 Qb7 40. Qf6+ Kg8 41.
e7 1-0

[Event "Edward Lasker Memorial 99th"]
[Site "New York"]
[Date "2015.12.19"]
[Round "7"]
[White "Izoria, Zviad"]
[Black "Kamsky, Gata"]
[Result "1/2-1/2"]
[WhiteElo "2589"]
[BlackElo "2665"]
[PlyCount "26"]
[EventDate "2015.12.11"]
[EventType "swiss"]
[EventRounds "9"]
[EventCountry "USA"]
[SourceTitle "CBM 170 Extra"]
[Source "ChessBase"]
[SourceDate "2016.02.25"]
[SourceVersion "1"]
[SourceVersionDate "2016.02.25"]
[SourceQuality "1"]

1. d4 d5 2. c4 c6 3. Nf3 Nf6 4. Nc3 a6 5. a4 e6 6. Bf4 a5 7. e3 Nbd7 8. Bd3 Bb4
9. O-O O-O 10. Re1 Re8 11. h3 b6 12. cxd5 exd5 13. Ra2 c5 1/2-1/2

[Event "Edward Lasker Memorial 99th"]
[Site "New York"]
[Date "2015.12.19"]
[Round "8"]
[White "Kamsky, Gata"]
[Black "Sturt, Raven M"]
[Result "1-0"]
[WhiteElo "2665"]
[BlackElo "2374"]
[PlyCount "55"]
[EventDate "2015.12.11"]
[EventType "swiss"]
[EventRounds "9"]
[EventCountry "USA"]
[SourceTitle "CBM 170 Extra"]
[Source "ChessBase"]
[SourceDate "2016.02.25"]
[SourceVersion "1"]
[SourceVersionDate "2016.02.25"]
[SourceQuality "1"]

1. e4 e5 2. Nf3 Nc6 3. Bb5 a6 4. Ba4 Nf6 5. O-O Be7 6. Re1 b5 7. Bb3 d6 8. c3
O-O 9. d4 Bg4 10. d5 Na5 11. Bc2 c6 12. h3 Bc8 13. dxc6 Nxc6 14. Nbd2 h6 15.
Nf1 Be6 16. Ng3 Re8 17. a4 Qc7 18. Nh4 d5 19. exd5 Bxd5 20. Nhf5 Rad8 21. axb5
axb5 22. Bxh6 gxh6 23. Qc1 Bf8 24. Nxh6+ Kh8 25. Qg5 Rd6 26. Nh5 Nd8 27. Nxf6
Rxf6 28. Qg8# 1-0

[Event "North American op 25th"]
[Site "Las Vegas"]
[Date "2015.12.26"]
[Round "1"]
[White "Zhou, Qiyu"]
[Black "Kamsky, Gata"]
[Result "0-1"]
[WhiteElo "2286"]
[BlackElo "2669"]
[PlyCount "144"]
[EventDate "2015.12.26"]
[EventType "swiss"]
[EventRounds "9"]
[EventCountry "USA"]
[SourceTitle "CBM 170 Extra"]
[Source "ChessBase"]
[SourceDate "2016.02.25"]
[SourceVersion "1"]
[SourceVersionDate "2016.02.25"]
[SourceQuality "1"]

1. e4 c6 2. d4 d5 3. e5 Bf5 4. Nf3 e6 5. Be2 Ne7 6. O-O h6 7. Nbd2 Nd7 8. a4 a6
9. Nb3 g5 10. h4 g4 11. Nh2 h5 12. g3 Qb6 13. Be3 Rg8 14. a5 Qa7 15. Qd2 Be4
16. Bd3 Bxd3 17. Qxd3 Nf5 18. c4 dxc4 19. Qxc4 Be7 20. Rfe1 Qb8 21. Bf4 Qd8 22.
Nf1 Nf8 23. Ne3 Nxe3 24. Bxe3 Qd5 25. Qxd5 exd5 26. Nc1 Ne6 27. Nd3 Kd7 28.
Rec1 f6 29. b4 fxe5 30. Nxe5+ Kc7 31. Nd3 Bd6 32. Rab1 Rgf8 33. b5 axb5 34.
Rxb5 Rf5 35. Kg2 Kc8 36. Nb4 Bc7 37. Nxc6 bxc6 38. Rxc6 Kd7 39. Rc2 Ra7 40. Ra2
Kc6 41. Rb1 Rxa5 42. Rc2+ Kd7 43. Rb7 Ra4 44. Rd2 Rc4 45. Ra7 Rf8 46. Rb2 Nxd4
47. Rd2 Nb5 48. Ra6 d4 49. Rh6 Ba5 50. Rd1 Rf5 51. Bg5 Rc2 52. Rf1 d3 53. Rxh5
d2 54. Rd1 Ke6 55. Rh6+ Kd5 56. Rg6 Kc4 57. h5 Kd3 58. h6 Ke2 59. h7 Rxf2+ 60.
Kg1 Nd4 61. Re6+ Nxe6 62. h8=Q Bb6 63. Rxd2+ Rxd2 64. Qe5+ Kf3 65. Qc3+ Ke4 66.
Qb4+ Bd4 67. Bxd2 Rxd2+ 68. Kf1 Rf2+ 69. Ke1 Nc5 70. Qb8 Nd3+ 71. Kd1 Ke3 72.
Qe8+ Be5 0-1

[Event "North American op 25th"]
[Site "Las Vegas"]
[Date "2015.12.27"]
[Round "3"]
[White "Colas, Joshua"]
[Black "Kamsky, Gata"]
[Result "0-1"]
[WhiteElo "2245"]
[BlackElo "2669"]
[PlyCount "90"]
[EventDate "2015.12.26"]
[EventType "swiss"]
[EventRounds "9"]
[EventCountry "USA"]
[SourceTitle "CBM 170 Extra"]
[Source "ChessBase"]
[SourceDate "2016.02.25"]
[SourceVersion "1"]
[SourceVersionDate "2016.02.25"]
[SourceQuality "1"]

1. d4 f5 2. Nf3 Nf6 3. g3 g6 4. Bg2 Bg7 5. O-O O-O 6. c4 d6 7. Nc3 c6 8. b3 a5
9. Bb2 Na6 10. a3 Bd7 11. Rb1 Qc7 12. d5 e5 13. dxe6 Bxe6 14. Nd4 Bf7 15. e3
Rfe8 16. Re1 Nc5 17. Qc2 Ng4 18. Rbd1 Ne5 19. a4 Qb6 20. Ba3 Rad8 21. h3 h5 22.
Nce2 Ned7 23. Nc1 Nf6 24. Bxc5 Qxc5 25. Nd3 Qb6 26. Nf3 Ne4 27. Nd2 d5 28. c5
Qc7 29. Nf3 Qe7 30. h4 Bc3 31. Rf1 Qf6 32. Ng5 Nxg5 33. hxg5 Qh8 34. Nf4 Be5
35. Ne2 h4 36. gxh4 Bg7 37. Qd3 d4 38. Nxd4 f4 39. Qc2 Bxd4 40. exd4 Qxh4 41.
Qc3 Qxg5 42. Rfe1 Bd5 43. f3 Re3 44. Rxe3 fxe3 45. Rf1 Re8 0-1

[Event "North American op 25th"]
[Site "Las Vegas"]
[Date "2015.12.28"]
[Round "5"]
[White "Li, Ruifeng"]
[Black "Kamsky, Gata"]
[Result "1/2-1/2"]
[WhiteElo "2460"]
[BlackElo "2669"]
[PlyCount "111"]
[EventDate "2015.12.26"]
[EventType "swiss"]
[EventRounds "9"]
[EventCountry "USA"]
[SourceTitle "CBM 170 Extra"]
[Source "ChessBase"]
[SourceDate "2016.02.25"]
[SourceVersion "1"]
[SourceVersionDate "2016.02.25"]
[SourceQuality "1"]

1. e4 e5 2. Nf3 Nc6 3. Bb5 a6 4. Ba4 Nf6 5. O-O Be7 6. Nc3 b5 7. Bb3 d6 8. a3
O-O 9. h3 h6 10. Re1 Bb7 11. d3 Qd7 12. Nd5 Rae8 13. Ne3 Bd8 14. Nf5 Kh7 15.
Qd2 Ng8 16. Bd5 Qc8 17. c3 Nce7 18. Nxe7 Nxe7 19. Bxb7 Qxb7 20. Qc2 Ng6 21. d4
Kg8 22. dxe5 Nxe5 23. Nxe5 Rxe5 24. Bf4 Re6 25. Bg3 Bf6 26. Re3 Rfe8 27. Rae1
a5 28. Qb3 Qc6 29. Qd5 Qb6 30. e5 dxe5 31. Bxe5 c6 32. Qd4 Qxd4 33. Bxd4 Rxe3
34. Rxe3 Rxe3 35. Bxe3 Kf8 36. Kf1 Ke7 37. Ke2 Ke6 38. Kd3 Be7 39. a4 bxa4 40.
Kc4 Bd8 41. Kc5 Kd7 42. Bf4 h5 43. f3 g6 44. g4 hxg4 45. hxg4 f5 46. gxf5 gxf5
47. Be5 Be7+ 48. Kb6 a3 49. bxa3 Bxa3 50. Kxa5 Ke6 51. Bg7 Kd5 52. Ka4 Bd6 53.
Kb3 Be5 54. Bh6 c5 55. Be3 c4+ 56. Kc2 1/2-1/2

[Event "Cappelle op 32nd"]
[Site "Cappelle la Grande"]
[Date "2016.02.13"]
[Round "1"]
[White "Kamsky, Gata"]
[Black "D'Costa, Lorin AR"]
[Result "1-0"]
[WhiteElo "2667"]
[BlackElo "2408"]
[Annotator "Reeh,O"]
[PlyCount "63"]
[EventDate "2016.02.13"]
[EventType "swiss"]
[EventRounds "9"]
[EventCountry "FRA"]
[SourceTitle "EXT 2017"]
[Source "ChessBase"]
[SourceDate "2016.10.25"]
[SourceVersion "1"]
[SourceVersionDate "2016.10.25"]
[SourceQuality "1"]

1. e4 c5 2. Nf3 e6 3. Nc3 a6 4. d4 cxd4 5. Nxd4 Qc7 6. Bd3 Nf6 7. O-O b5 8. Qe2
Bb7 9. Kh1 Nc6 10. Be3 Be7 11. f4 d6 12. a4 b4 13. Na2 Nxd4 14. Bxd4 d5 15. e5
Ne4 16. c3 bxc3 17. Nxc3 Nxc3 18. bxc3 O-O 19. f5 exf5 20. Rxf5 Bc8 21. Rf4 a5
22. Raf1 Be6 {[%tqu "En","23.Qh5! is the natural move here and gives White a
winning attack.  Take your time to look at the following variations and to
determine how you would continue in each case:  A) 23...g6 24.Qh6 Rfc8 B) 23...
g6 24.Qh6 Rab8  C) 23...h6  When you are ready, please execute 23.Qh5!","","",
"e2h5","The mate threat 24.Qxh7++ forces Black to move his g- or h-pawn,
weakening his king's position.",1,"De","23.Qh5! ist hier der natürliche Zug
und gibt Weiß siegreichen Angriff.  Betrachten Sie in Ruhe die folgenden
Varianten und überlegen Sie, wie Sie jeweils fortsetzen wollen:  A) 23...g6 24.
Qh6 Rfc8 B) 23...g6 24.Qh6 Rab8  C) 23...h6  Wenn Sie soweit sind, führen Sie
bitte 23.Qh5! aus.","","","e2h5","Die Mattdrohung 24.Qxh7++ zwingt Schwarz,
seinen g- oder h-Bauern zu ziehen und damit die Königsstellung zu schwächen.",
1]} 23. Qh5 $1 {[%csl Rh7][%cal Rd3h7,Rh5h7]} g6 (23... h6 {[%tqu "En","Black
has played 23...h6. How would you continue the attack as White?","Move the
Rf4!","","f4f6","Very strong!  The rook is taboo, and White is threatening 25.
Rxh6 gxh6 26.Qxh6 completely exposing the black king.  Game over!",3,"De",
"Schwarz hat 23...h6 gezogen. Wie würden Sie den Angriff als Weißer
fortsetzen?","Ziehen Sie den Rf4!","","f4f6","Bärenstark!  Der Turm ist tabu,
und Weiß droht 25.Rxh6 gxh6 26.Qxh6 mit völliger Entblößung des schwarzen
Königs.  Game over!",3]} 24. Rf6 $1 gxf6 (24... Rfb8 25. Rxe6 fxe6 26. Qf7+ Kh8
27. Qg6) (24... Rab8 25. Rxh6 gxh6 26. Qxh6) 25. exf6 $18 {[%csl Rh7][%cal
Rh5h6,Rh6h7]}) 24. Qh6 Rfc8 (24... Rab8 25. Rf6 $6 ({The winning continuation
for White is Die Gewinnfortsetzung für Weiß lautet} 25. R1f3 $1 Rb2 26. g4 $1
$18 {[%cal Rf3h3,Rh3h7]}) {[%tqu "En","Change of sides!  White has played the
standard blocker Rf6, threatening sacs on g6/e6 as well as R1f4-h4.  How can
Black defend?","The Qc7 is a potential defender of the 7th rank.  How could
the white Rf1 coming to f4 be pinned?","","e7a3","Super!  Now the Qc7 is
protecting Black's 7th rank.  A sacrifice on g6/e6 won't work out.  And what
are you planning after 26.R1f4 with the threat 27.Rfh4?",4,"De",
"Seitenwechsel!  Weiß hat den Standardblocker Rf6 gespielt und droht Opfer auf
g6/e6 wie auch R1f4-h4.  Wie kann sich Schwarz verteidigen?","Die Qc7 ist eine
potentielle Verteidigerin der 7. Reihe.  Wie könnte der nach f4 kommende Rf1
gefesselt werden?","","e7a3","Super!  Damit deckt die Qc7 die 7. Reihe von
Schwarz.  Opfer auf g6/e6 schlagen nicht durch.  Und was planen Sie nach 26.
R1f4 mit der Drohung 27.Rfh4?",4]} 25... Ba3 $3 {[%cal Yc7h7]} 26. R1f4 {
[%cal Rf4h4,Rh4h7]} (26. Bxg6 hxg6 27. Rxg6+ fxg6 28. Qxg6+ Kh8 29. Qh6+ Qh7
$19 {[%csl Yf8][%cal Ya3f8,Yb8f8]}) (26. h4 Rfe8 {followed by 27...Bf8 nebst
27...Bf8}) {[%tqu "En","White threatens Rf4-h4. Show Black's defensive point!",
"","","a3c1","Pinning the rook from behind - Black stays in the game.",3,"De",
"Weiß droht Rf4-h4. Zeigen Sie die Verteidigungspointe von Schwarz!","","",
"a3c1","Fesselt den Turm von hinten - Schwarz bleibt im Spiel.",3]} 26... Bc1
$1 {[%csl Rf4][%cal Rc1h6]}) {[%tqu "En","Black is threatening 25...Bf8 to
chase away the queen from h6. White needs a powerful idea. Have you got one?",
"Sac! :-)","","f4f7","A classic rook sacrifice to open lines against Black's
king.  25...Bxf7 is forced.",3,"De","Schwarz droht, mit 25...Bf8 die Dame h6
zu vertreiben. Weiß braucht eine kraftvolle Idee. Haben Sie eine?","Opfern! :-)
","","f4f7","Ein klassisches Turmopfer, um Linien gegen den schwarzen König zu
öffnen.  25...Bxf7 ist erzwungen.",3]} 25. Rxf7 $1 Bxf7 {[%tqu "En","Black has
swallowed the rook. How would you continue?","Good news: two candidate moves,
and both are winning!","","f1f7","The powerful game continuation!  White
sacrifices the second rook too, and after 26...Kxf7 27.Qxh7 checkmates quickly
with queen, bishop pair and his e5-pawn.",3,"e5e6","This also wins.  White
clears the diagonal for his Bd4 and threatens 27.Qg7++.",3,"De","Schwarz hat
den Turm geschluckt. Wie geht es weiter?","Gute Nachricht: zwei Kandidatenzüge,
und beide gewinnen!","","f1f7","Die wuchtige Partiefortsetzung!  Weiß opfert
auch den zweiten Turm, und nach 26...Kxf7 27.Qxh7 setzt er mit Dame,
Läuferpaar und dem Bauer e5 schnell matt.",3,"e5e6","Dies gewinnt ebenfalls. 
Weiß macht die Diagonale für seinen Bd4 frei und droht 27.Qg7++.",3]} 26. Rxf7
$1 {[%csl Rh7][%cal Yg8f7,Rh6h7]} (26. e6 $1 {[%csl Rg7][%cal Re6f7,Rh6g7,
Rd4g7]} Bf8 27. Qg5 $1 Bxe6 28. Qf6 $1 {also wins: gewinnt ebenfalls:} Bg7 29.
Qxe6+ Kh8 30. Rf7 Qxf7 31. Qxf7 Bxd4 32. cxd4 Rc1+ 33. Bf1) 26... Kxf7 27.
Qxh7+ {[%csl Rd3,Rd4,Re5,Rh7][%cal Rd3g6,Rd3b5,Rd4b6,Re5e6] White's attacking
potential quickly decides the game. Das weiße Angriffspotential entscheidet
schnell.} Ke8 (27... Ke6 28. Qh3+ Kf7 29. e6+ {[%cal Rd4h8,Rh3h8]} Ke8 (29...
Kg8 30. Qh8#) 30. Bxg6+ Kd8 31. Qh8+ Bf8 32. Qxf8#) 28. Qxg6+ Kf8 (28... Kd8
29. Qg8+ (29. Bb6) 29... Kd7 30. Qxd5+) 29. Qh6+ ({Or Oder} 29. e6 {[%csl Rf7]}
Bh4 (29... Ba3 30. Qf6+ Ke8 31. Bg6+) {[%tqu "En","Mate in 2 - your move!","",
"","d4c5","and White checkmates with 31.Qf7++.",2,"De","Matt in 2 - Sie sind
am Zug!","","","d4c5","und Weiß setzt mit 31.Qf7++ matt.",2]} 30. Bc5+ {
and White checkmates with 31.Qf7++. und Weiß setzt mit 31.Qf7++ matt.}) 29...
Ke8 30. Bb5+ Qd7 31. Qg6+ Kd8 32. Bb6+ 1-0

[Event "Cappelle op 32nd"]
[Site "Cappelle la Grande"]
[Date "2016.02.14"]
[Round "2"]
[White "Moussard, Jules"]
[Black "Kamsky, Gata"]
[Result "1/2-1/2"]
[WhiteElo "2487"]
[BlackElo "2667"]
[Annotator "Primel,D"]
[PlyCount "129"]
[EventDate "2016.02.13"]
[EventType "swiss"]
[EventRounds "9"]
[EventCountry "FRA"]
[SourceTitle "EXT 2017"]
[Source "ChessBase"]
[SourceDate "2016.10.25"]
[SourceVersion "1"]
[SourceVersionDate "2016.10.25"]
[SourceQuality "1"]
[TimeControl "40/5400+30:1800+30"]
[WhiteClock "1:30:00"]
[BlackClock "1:30:00"]

1. Nf3 {Les deux adversaires se sont à nouveau rencontré la semaine suivante
à Cannes et la partie s'est également terminée par la nulle} d5 2. g3 Nf6 3.
Bg2 c6 4. O-O Bf5 5. d3 h6 6. c4 dxc4 7. dxc4 Qxd1 8. Rxd1 e6 (8... Nbd7 9. b4
e6 10. b5 Rc8 11. bxc6 bxc6 12. Nc3 Bb4 13. Bd2 O-O 14. Nd4 Ne5 15. Nxf5 exf5
16. Nd5 Nxd5 17. cxd5 Bxd2 18. Rxd2 cxd5 19. Bxd5 Rc7 20. Rad1 g6 21. Bb3 Re8
22. Rd8 Rxd8 23. Rxd8+ Kg7 24. h3 Nd7 25. Kg2 Nc5 26. Bd5 Na4 27. Bb3 Nc3 28.
Kf3 a5 29. Ra8 a4 30. Bxa4 Nxa2 31. Rd8 Nc3 32. Rd7 Rxd7 {1/2-1/2 (32)
Stefanova,A (2515)-Kamsky,G (2665) Gibraltar 2016}) 9. Nc3 Bc2 10. Rd2 $146 (
10. Re1 Bb4 11. Bd2 Nbd7 12. Rac1 Bh7 13. a3 Be7 14. b4 Nb6 15. Ne5 Rd8 16.
Red1 Nfd7 17. Nxd7 Rxd7 18. c5 Nc4 19. Bf4 g5 20. Rxd7 Kxd7 21. Rd1+ Kc8 22.
Bc1 Rd8 23. Rxd8+ Kxd8 24. e4 Bf6 25. Nd1 Bd4 26. Kf1 f5 27. exf5 Bxf5 28. Bf3
Bc2 29. Be2 Ke7 30. Ke1 Bb3 31. f4 gxf4 32. gxf4 Kf6 33. Nf2 a5 34. Ne4+ Ke7
35. Bxc4 Bxc4 36. Nd6 Ba6 37. f5 axb4 38. axb4 b6 39. fxe6 Bc3+ {Koziak,V 
(2509)-Vuilleumier,A (2335) Lille 2014 1/2-1/2}) 10... Bh7 11. Rd1 Nbd7 12. Bf4
g5 13. Bc7 Rc8 14. Bd6 a5 15. h3 Bxd6 16. Rxd6 Ke7 17. Rad1 Rhd8 18. b3 Ne8 19.
R6d2 Nc5 20. Ne5 Rxd2 21. Rxd2 Rc7 22. Rd1 Nd6 23. Nd3 Bxd3 24. exd3 e5 25. d4
exd4 26. Rxd4 Nf5 27. Rd2 Rd7 28. Re2+ Kf6 29. Re8 Rd3 (29... Rd2 $15) 30. Ne4+
Nxe4 31. Bxe4 Rd1+ 32. Kg2 Nd6 33. Bf3 Rg1+ 34. Kxg1 Nxe8 35. Kf1 Ng7 36. Ke2
Ke5 37. Ke3 f5 38. a3 Ne6 39. b4 axb4 40. axb4 f4+ 41. gxf4+ Nxf4 42. h4 gxh4
43. b5 cxb5 44. cxb5 Nd5+ 45. Ke2 b6 46. Kf1 Nf4 47. Kg1 Kd4 48. Kh2 Kd3 49.
Bc6 Ke2 50. f3 Ke3 51. Ba8 Kd4 52. Bc6 Ke5 53. Ba8 Kf6 54. Bb7 Kg5 55. Bc6 Ne2
56. Kh3 Nd4 57. f4+ Kxf4 58. Kxh4 Ke5 59. Be8 Kf6 60. Kh5 Kg7 61. Kg4 Kf8 62.
Bd7 Ke7 63. Bc8 Nxb5 64. Kh5 Nd6 65. Ba6 1/2-1/2